| 000 | 00529nam a2200193Ia 4500 | ||
|---|---|---|---|
| 005 | 20260429112203.0 | ||
| 008 | 260429s9999||||xx |||||||||||||| ||und|| | ||
| 020 | _a9789355275844 | ||
| 041 | _aEnglish | ||
| 082 |
_a934 _bBHA |
||
| 100 | _aBhandaskar, Ramkrishna Gopal | ||
| 245 | 0 |
_aPeep into the early history of India / _cRamkrishna Gopal Bhandaskar |
|
| 250 | _a1st ed. | ||
| 260 |
_aChennai : _bMaven Books, _c2023. |
||
| 300 | _aiv, 74 p.; pbk | ||
| 650 | _a Ancient India | ||
| 650 | _aIndia-History | ||
| 942 | _cTB | ||
| 999 |
_c52797 _d52797 |
||